000 00450nam a2200157 i 4500
001 100787
003 ES-MaACL
005 20230906182742.0
007 t|
008 051005s1970 sp ||||1| spa d
100 1 _aMateo Velasco, Victoriano.
_978969
245 1 0 _aConsejos a padres y profesores /
_cVictoriano Mateo, S. M.
260 _aMadrid :
_bS.M.,
_c1970.
300 _a261 p. con 3 lám. ;
_c19 cm.
852 _aES-MaACL
_jC-47079
_bR.75010
999 _c100787
_d100787